[Event "European Online Club-ch-D 2021"]
[Site "Online"]
[Date "2021.03.27"]
[Round "8.15"]
[White "Dolana, Andrei-Theodor"]
[Black "Kusa, Jakub"]
[Result "1-0"]
[WhiteElo "2359"]
[BlackElo "2336"]
[Annotator "NA"]
[PlyCount "67"]
[EventDate "2021.03.27"]
[EventType "team-tourn"]
[EventCountry "NET"]
[SourceTitle "playchess.com"]
[Source "ChessBase"]
[SourceQuality "1"]
[TimeControl "900+5"]

1. Nf3 {[%emt 0:00:00]} Nf6 {[%emt 0:00:05]} 2. g3 {[%emt 0:00:02]} g6 {[%emt 0:00:03]} 3. b3 {[%emt 0:00:01]} Bg7 {[%emt 0:00:04]} 4. Bb2 {[%emt 0:00:01]} O-O {[%emt 0:00:01]} 5. Bg2 {[%emt 0:00:02]} d5 {[%emt 0:00:10]} 6. c4 {[%emt 0:00:02]} c6 {[%emt 0:00:10]} 7. O-O {[%emt 0:00:09]} Bg4 {[%emt 0:00:25]} 8. d3 {[%emt 0:00:05]} Bxf3 {[%emt 0:00:27]} 9. Bxf3 {[%emt 0:00:01]} e6 {[%emt 0:00:04]} 10. Nd2 {[%emt 0:02:53]} Nbd7 {[%emt 0:00:44]} 11. b4 {[%emt 0:00:02]} a5 {[%emt 0:01:19]} 12. a3 {[%emt 0:00:03]} axb4 {[%emt 0:00:17]} 13. axb4 {[%emt 0:00:01]} Qb6 {[%emt 0:00:05]} 14. Qb3 {[%emt 0:00:09]} Rfd8 {[%emt 0:01:38]} 15. Bc3 {[%emt 0:03:27]} Ne8 {[%emt 0:00:47]} 16. Bg2 {[%emt 0:00:51]} Bxc3 {[%emt 0:01:25]} 17. Qxc3 {[%emt 0:00:03]} Ng7 {[%emt 0:00:03]} 18. Nb3 {[%emt 0:01:10]} Nf5 {[%emt 0:01:46]} 19. e4 {[%emt 0:01:40]} Ne7 {[%emt 0:00:14]} 20. exd5 {[%emt 0:01:33]} cxd5 {[%emt 0:00:07]} 21. c5 {[%emt 0:00:03]} Qc7 {[%emt 0:00:12]} 22. d4 {[%emt 0:00:13]} b6 {[%emt 0:01:43]} 23. b5 {[%emt 0:00:53]} bxc5 {[%emt 0:00:09]} 24. dxc5 {[%emt 0:00:01]} Rab8 {[%emt 0:00:06]} 25. Ra5 {[%emt 0:00:54]} Rdc8 {[%emt 0:00:03]} 26. Rc1 {[%emt 0:00:03]} Nf5 {[%emt 0:00:34]} 27. Qa1 {[%emt 0:00:33]} Qe5 {[%emt 0:01:17]} 28. Qa3 {[%emt 0:01:54]} Nd4 {[%emt 0:00:15]} 29. Nxd4 {[%emt 0:00:01]} Qxd4 {[%emt 0:00:02]} 30. b6 {[%emt 0:00:22]} Ne5 {[%emt 0:00:15]} 31. Bf1 {[%emt 0:00:11]} Nf3+ {[%emt 0:00:11]} 32. Qxf3 {[%emt 0:00:03]} Rxb6 {[%emt 0:00:17]} 33. cxb6 {[%emt 0:00:05]} Rxc1 {[%emt 0:00:03]} 34. b7 {[%emt 0:00:01]} 1-0

[Event "European Online Club-ch-D 2021"]
[Site "Online"]
[Date "2021.03.27"]
[Round "8.16"]
[White "Zeman, Matyas"]
[Black "Gavrilescu, David"]
[Result "1/2-1/2"]
[WhiteElo "2261"]
[BlackElo "2476"]
[Annotator "ChessBase"]
[PlyCount "140"]
[EventDate "2021.03.27"]
[EventType "team-tourn"]
[EventCountry "NET"]
[SourceTitle "playchess.com"]
[Source "ChessBase"]
[SourceQuality "1"]
[TimeControl "900+5"]

1. d4 {[%emt 0:00:00]} d5 {[%emt 0:00:02]} 2. Bf4 {[%emt 0:00:03]} c5 {[%emt 0:00:02]} 3. e3 {[%emt 0:00:02]} cxd4 {[%emt 0:00:01]} 4. exd4 {[%emt 0:00:01]} Nc6 {[%emt 0:00:00]} 5. c3 {[%emt 0:00:03]} Bf5 {[%emt 0:00:01]} 6. Nd2 {[%emt 0:00:11]} e6 {[%emt 0:00:07]} 7. Ngf3 {[%emt 0:00:18]} Bd6 {[%emt 0:00:10]} 8. Bxd6 {[%emt 0:00:09]} Qxd6 {[%emt 0:00:00]} 9. Be2 {[%emt 0:00:09]} h6 {[%emt 0:00:02]} 10. O-O {[%emt 0:00:05]} Nf6 {[%emt 0:00:02]} 11. Re1 {[%emt 0:00:25]} O-O {[%emt 0:00:19]} 12. Nb3 {[%emt 0:00:23]} Rab8 {[%emt 0:01:02]} 13. a4 {[%emt 0:00:12]} Ne4 {[%emt 0:01:17]} 14. Nfd2 {[%emt 0:00:16]} Nf6 {[%emt 0:01:49]} 15. Nf3 {[%emt 0:00:03]} Rfc8 {[%emt 0:00:27]} 16. h3 {[%emt 0:01:32]} b6 {[%emt 0:00:52]} 17. Ba6 {[%emt 0:01:39]} Rc7 {[%emt 0:00:08]} 18. Ne5 {[%emt 0:00:34]} Ne4 {[%emt 0:00:58]} 19. Nxc6 {[%emt 0:00:02]} Rxc6 {[%emt 0:00:30]} 20. Nc1 {[%emt 0:00:18]} Qf4 {[%emt 0:03:07]} 21. Nd3 {[%emt 0:00:03]} Qh4 {[%emt 0:00:02]} 22. Qf3 {[%emt 0:01:34]} f6 {[%emt 0:00:58]} 23. Qf4 {[%emt 0:00:11]} Qxf4 {[%emt 0:00:13]} 24. Nxf4 {[%emt 0:00:02]} g5 {[%emt 0:00:01]} 25. Nd3 {[%emt 0:00:17]} h5 {[%emt 0:00:01]} 26. Bb5 {[%emt 0:00:26]} Rd6 {[%emt 0:00:31]} 27. Rad1 {[%emt 0:01:26]} h4 {[%emt 0:00:11]} 28. Nb4 {[%emt 0:00:28]} Kf7 {[%emt 0:00:08]} 29. Bd3 {[%emt 0:02:02]} Rg8 {[%emt 0:00:56]} 30. f3 {[%emt 0:00:58]} Ng3 {[%emt 0:00:03]} 31. Bxf5 {[%emt 0:00:00]} Nxf5 {[%emt 0:00:03]} 32. Nd3 {[%emt 0:00:05]} a5 {[%emt 0:00:11]} 33. Kf2 {[%emt 0:00:03]} Rb8 {[%emt 0:00:12]} 34. Ra1 {[%emt 0:00:11]} Rc6 {[%emt 0:00:33]} 35. Ra3 {[%emt 0:00:11]} Nd6 {[%emt 0:00:05]} 36. Rb3 {[%emt 0:01:03]} Nc4 {[%emt 0:00:14]} 37. Re2 {[%emt 0:00:24]} Re8 {[%emt 0:00:08]} 38. Rb5 {[%emt 0:00:14]} Rd6 {[%emt 0:00:02]} 39. Ke1 {[%emt 0:01:38]} e5 {[%emt 0:00:10]} 40. dxe5 {[%emt 0:00:00]} fxe5 {[%emt 0:00:02]} 41. Nf2 {[%emt 0:00:27]} Kg6 {[%emt 0:01:15]} 42. Ng4 {[%emt 0:00:03]} e4 {[%emt 0:01:22]} 43. fxe4 {[%emt 0:00:05]} dxe4 {[%emt 0:00:02]} 44. b3 {[%emt 0:00:16]} Na3 {[%emt 0:00:01]} 45. Re5 {[%emt 0:00:03]} Rxe5 {[%emt 0:00:01]} 46. Nxe5+ {[%emt 0:00:00]} Kf5 {[%emt 0:00:01]} 47. Ng4 {[%emt 0:00:07]} Rd3 {[%emt 0:00:19]} 48. Rf2+ {[%emt 0:00:04]} Ke6 {[%emt 0:00:04]} 49. Rf6+ {[%emt 0:00:03]} Ke7 {[%emt 0:00:05]} 50. Rxb6 {[%emt 0:00:04]} Rxc3 {[%emt 0:00:02]} 51. Ne5 {[%emt 0:00:09]} Rc5 {[%emt 0:00:13]} 52. Ng4 {[%emt 0:00:07]} Nc2+ {[%emt 0:00:09]} 53. Kd2 {[%emt 0:00:03]} Nb4 {[%emt 0:00:02]} 54. Rg6 {[%emt 0:00:09]} Nd5 {[%emt 0:00:08]} 55. Rxg5 {[%emt 0:00:05]} Ke6 {[%emt 0:00:05]} 56. Re5+ {[%emt 0:00:02]} Kd6 {[%emt 0:00:02]} 57. Rxe4 {[%emt 0:00:02]} Rc3 {[%emt 0:00:02]} 58. Rd4 {[%emt 0:00:03]} Rxb3 {[%emt 0:00:03]} 59. Ne3 {[%emt 0:00:02]} Rxe3 {[%emt 0:00:02]} 60. Rxd5+ {[%emt 0:00:02]} Kxd5 {[%emt 0:00:04]} 61. Kxe3 {[%emt 0:00:01]} Ke5 {[%emt 0:00:03]} 62. Kf3 {[%emt 0:00:04]} Kf5 {[%emt 0:00:01]} 63. g4+ {[%emt 0:00:02]} hxg3 {[%emt 0:00:02]} 64. Kxg3 {[%emt 0:00:00]} Kg5 {[%emt 0:00:01]} 65. Kf3 {[%emt 0:00:01]} Kh4 {[%emt 0:00:01]} 66. Ke4 {[%emt 0:00:01]} Kxh3 {[%emt 0:00:00]} 67. Kd5 {[%emt 0:00:00]} Kg4 {[%emt 0:00:01]} 68. Kc5 {[%emt 0:00:01]} Kf5 {[%emt 0:00:01]} 69. Kb5 {[%emt 0:00:00]} Ke6 {[%emt 0:00:01]} 70. Kxa5 {[%emt 0:00:00]} Kd7 {[%emt 0:00:00]} 1/2-1/2

[Event "European Online Club-ch-D 2021"]
[Site "Online"]
[Date "2021.03.27"]
[Round "8.17"]
[White "Bauer, Christian"]
[Black "Gadimbayli, Abdulla"]
[Result "0-1"]
[WhiteElo "2639"]
[BlackElo "2470"]
[Annotator "ChessBase"]
[PlyCount "148"]
[EventDate "2021.03.27"]
[EventType "team-tourn"]
[EventCountry "NET"]
[SourceTitle "playchess.com"]
[Source "ChessBase"]
[SourceQuality "1"]
[TimeControl "900+5"]

1. e4 {[%emt 0:00:00]} e6 {[%emt 0:00:14]} 2. Qe2 {[%emt 0:00:04]} c5 {[%emt 0:00:02]} 3. Nf3 {[%emt 0:00:02]} Nc6 {[%emt 0:00:01]} 4. d3 {[%emt 0:00:02]} g6 {[%emt 0:00:02]} 5. g3 {[%emt 0:00:01]} Bg7 {[%emt 0:00:01]} 6. Bg2 {[%emt 0:00:00]} Nf6 {[%emt 0:00:02]} 7. O-O {[%emt 0:00:02]} d5 {[%emt 0:00:02]} 8. c3 {[%emt 0:00:08]} O-O {[%emt 0:00:03]} 9. e5 {[%emt 0:00:27]} Nd7 {[%emt 0:00:02]} 10. d4 {[%emt 0:00:04]} b6 {[%emt 0:00:22]} 11. Na3 {[%emt 0:00:26]} cxd4 {[%emt 0:00:24]} 12. cxd4 {[%emt 0:00:03]} Nb4 {[%emt 0:00:02]} 13. Bg5 {[%emt 0:00:16]} Qe8 {[%emt 0:00:34]} 14. Qd2 {[%emt 0:00:23]} a5 {[%emt 0:00:05]} 15. Nb5 {[%emt 0:01:34]} Nxe5 {[%emt 0:03:32]} 16. Nc7 {[%emt 0:00:11]} Qc6 {[%emt 0:00:12]} 17. Nxa8 {[%emt 0:00:25]} Nxf3+ {[%emt 0:01:13]} 18. Bxf3 {[%emt 0:00:01]} Qxa8 {[%emt 0:00:09]} 19. Be7 {[%emt 0:00:29]} Nc6 {[%emt 0:02:27]} 20. Bxf8 {[%emt 0:00:02]} Nxd4 {[%emt 0:00:07]} 21. Bg2 {[%emt 0:00:11]} Kxf8 {[%emt 0:00:09]} 22. Rfd1 {[%emt 0:00:09]} Ba6 {[%emt 0:00:10]} 23. Qe3 {[%emt 0:00:35]} e5 {[%emt 0:01:27]} 24. Rxd4 {[%emt 0:01:00]} exd4 {[%emt 0:00:02]} 25. Qa3+ {[%emt 0:00:28]} Kg8 {[%emt 0:00:05]} 26. Qd6 {[%emt 0:00:05]} d3 {[%emt 0:02:19]} 27. Bxd5 {[%emt 0:01:02]} Qc8 {[%emt 0:00:04]} 28. Rd1 {[%emt 0:01:57]} Qg4 {[%emt 0:02:45]} 29. Rd2 {[%emt 0:04:35]} Bh6 {[%emt 0:00:22]} 30. f4 {[%emt 0:00:51]} Qc8 {[%emt 0:00:11]} 31. Kg2 {[%emt 0:00:41]} Qc1 {[%emt 0:00:15]} 32. Rf2 {[%emt 0:00:11]} Qc5 {[%emt 0:00:09]} 33. Qd7 {[%emt 0:00:23]} Qf8 {[%emt 0:00:02]} 34. Rd2 {[%emt 0:00:20]} Bg7 {[%emt 0:00:04]} 35. Be4 {[%emt 0:00:14]} Qb4 {[%emt 0:00:02]} 36. Qe8+ {[%emt 0:00:10]} Bf8 {[%emt 0:00:04]} 37. Rf2 {[%emt 0:00:06]} Qd4 {[%emt 0:00:11]} 38. Qe5 {[%emt 0:00:15]} Qxe5 {[%emt 0:00:04]} 39. fxe5 {[%emt 0:00:01]} Bc5 {[%emt 0:00:01]} 40. Rd2 {[%emt 0:00:05]} Be3 {[%emt 0:00:02]} 41. Rd1 {[%emt 0:00:02]} d2 {[%emt 0:00:12]} 42. Kf3 {[%emt 0:00:02]} Bh6 {[%emt 0:00:01]} 43. h4 {[%emt 0:00:02]} Kf8 {[%emt 0:00:03]} 44. g4 {[%emt 0:00:02]} Ke7 {[%emt 0:00:02]} 45. g5 {[%emt 0:00:05]} Bg7 {[%emt 0:00:02]} 46. Rxd2 {[%emt 0:00:11]} Bxe5 {[%emt 0:00:01]} 47. Bc6 {[%emt 0:00:10]} Bc8 {[%emt 0:00:06]} 48. Bd5 {[%emt 0:00:05]} f6 {[%emt 0:00:08]} 49. Bg8 {[%emt 0:00:13]} Bb7+ {[%emt 0:00:13]} 50. Kf2 {[%emt 0:00:03]} fxg5 {[%emt 0:00:04]} 51. hxg5 {[%emt 0:00:02]} Bf4 {[%emt 0:00:06]} 52. Re2+ {[%emt 0:00:05]} Kf8 {[%emt 0:00:05]} 53. Bxh7 {[%emt 0:00:03]} Kf7 {[%emt 0:00:05]} 54. Rc2 {[%emt 0:00:14]} Kg7 {[%emt 0:00:09]} 55. Rc4 {[%emt 0:00:03]} Bd6 {[%emt 0:00:01]} 56. Rh4 {[%emt 0:00:05]} Be7 {[%emt 0:00:04]} 57. Bxg6 {[%emt 0:00:10]} Kxg6 {[%emt 0:00:02]} 58. Rh6+ {[%emt 0:00:01]} Kxg5 {[%emt 0:00:01]} 59. Rh7 {[%emt 0:00:02]} Bc5+ {[%emt 0:00:02]} 60. Ke2 {[%emt 0:00:02]} Be4 {[%emt 0:00:02]} 61. Rd7 {[%emt 0:00:03]} Kf4 {[%emt 0:00:02]} 62. a3 {[%emt 0:00:03]} Ke5 {[%emt 0:00:05]} 63. Rd8 {[%emt 0:00:03]} Bd4 {[%emt 0:00:09]} 64. b4 {[%emt 0:00:08]} a4 {[%emt 0:00:08]} 65. Kd2 {[%emt 0:00:08]} Bb2 {[%emt 0:00:06]} 66. Rb8 {[%emt 0:00:03]} Bxa3 {[%emt 0:00:14]} 67. Kc3 {[%emt 0:00:07]} Bc1 {[%emt 0:00:07]} 68. Rxb6 {[%emt 0:00:01]} a3 {[%emt 0:00:01]} 69. Ra6 {[%emt 0:00:16]} Bb2+ {[%emt 0:00:02]} 70. Kb3 {[%emt 0:00:04]} Bd5+ {[%emt 0:00:04]} 71. Kc2 {[%emt 0:00:03]} Kd4 {[%emt 0:00:03]} 72. Kb1 {[%emt 0:00:13]} Kc3 {[%emt 0:00:05]} 73. b5 {[%emt 0:00:06]} a2+ {[%emt 0:00:02]} 74. Rxa2 {[%emt 0:00:02]} Be4# {[%emt 0:00:01]} 0-1

[Event "European Online Club-ch-D 2021"]
[Site "Online"]
[Date "2021.03.27"]
[Round "8.18"]
[White "Babazada, Khazar"]
[Black "Pelletier, Yannick"]
[Result "1-0"]
[WhiteElo "2409"]
[BlackElo "2581"]
[Annotator "ChessBase"]
[PlyCount "97"]
[EventDate "2021.03.27"]
[EventType "team-tourn"]
[EventCountry "NET"]
[SourceTitle "playchess.com"]
[Source "ChessBase"]
[SourceQuality "1"]
[TimeControl "900+5"]

1. e4 {[%emt 0:00:00]} c6 {[%emt 0:00:12]} 2. d4 {[%emt 0:00:03]} d5 {[%emt 0:00:00]} 3. Nc3 {[%emt 0:00:03]} dxe4 {[%emt 0:00:03]} 4. Nxe4 {[%emt 0:00:01]} Bf5 {[%emt 0:00:01]} 5. Ng3 {[%emt 0:00:01]} Bg6 {[%emt 0:00:02]} 6. Nf3 {[%emt 0:00:01]} Nd7 {[%emt 0:00:05]} 7. h4 {[%emt 0:00:01]} h6 {[%emt 0:00:01]} 8. h5 {[%emt 0:00:02]} Bh7 {[%emt 0:00:02]} 9. Bd3 {[%emt 0:00:01]} Bxd3 {[%emt 0:00:02]} 10. Qxd3 {[%emt 0:00:01]} e6 {[%emt 0:00:01]} 11. Bd2 {[%emt 0:00:01]} Ngf6 {[%emt 0:00:04]} 12. O-O-O {[%emt 0:00:04]} Be7 {[%emt 0:00:02]} 13. Ne4 {[%emt 0:00:12]} Nxe4 {[%emt 0:00:30]} 14. Qxe4 {[%emt 0:00:02]} Nf6 {[%emt 0:00:01]} 15. Qe2 {[%emt 0:00:01]} Qd5 {[%emt 0:00:30]} 16. c4 {[%emt 0:00:02]} Qe4 {[%emt 0:00:10]} 17. Qxe4 {[%emt 0:00:02]} Nxe4 {[%emt 0:00:02]} 18. Be1 {[%emt 0:00:01]} Bf6 {[%emt 0:04:12]} 19. Ne5 {[%emt 0:00:12]} c5 {[%emt 0:00:10]} 20. f3 {[%emt 0:00:58]} cxd4 {[%emt 0:00:05]} 21. Ng4 {[%emt 0:00:05]} Bg5+ {[%emt 0:01:57]} 22. Kc2 {[%emt 0:00:03]} Nf6 {[%emt 0:00:37]} 23. Rxd4 {[%emt 0:00:06]} Nxg4 {[%emt 0:00:07]} 24. Rxg4 {[%emt 0:00:01]} O-O-O {[%emt 0:00:43]} 25. Bc3 {[%emt 0:00:35]} f5 {[%emt 0:01:07]} 26. Rxg5 {[%emt 0:00:28]} hxg5 {[%emt 0:00:00]} 27. Bxg7 {[%emt 0:00:08]} Rh7 {[%emt 0:00:03]} 28. h6 {[%emt 0:00:06]} Rd7 {[%emt 0:02:49]} 29. Re1 {[%emt 0:00:18]} Rc7 {[%emt 0:00:20]} 30. Rxe6 {[%emt 0:01:10]} Rxc4+ {[%emt 0:00:03]} 31. Kd3 {[%emt 0:00:01]} Ra4 {[%emt 0:00:45]} 32. Rf6 {[%emt 0:00:48]} g4 {[%emt 0:00:56]} 33. Ke3 {[%emt 0:03:20]} gxf3 {[%emt 0:00:12]} 34. Kxf3 {[%emt 0:00:05]} Rh4 {[%emt 0:01:14]} 35. Rxf5 {[%emt 0:02:00]} R4xh6 {[%emt 0:00:04]} 36. Bxh6 {[%emt 0:00:02]} Rxh6 {[%emt 0:00:00]} 37. g4 {[%emt 0:00:10]} Rh7 {[%emt 0:00:26]} 38. Rd5 {[%emt 0:01:37]} Kc7 {[%emt 0:00:20]} 39. g5 {[%emt 0:00:19]} Rh1 {[%emt 0:00:04]} 40. Rd2 {[%emt 0:00:45]} Rg1 {[%emt 0:00:04]} 41. Rg2 {[%emt 0:00:13]} Rf1+ {[%emt 0:00:01]} 42. Ke4 {[%emt 0:00:20]} Kd6 {[%emt 0:00:17]} 43. g6 {[%emt 0:00:13]} Re1+ {[%emt 0:00:02]} 44. Kf5 {[%emt 0:00:17]} Rf1+ {[%emt 0:00:02]} 45. Kg5 {[%emt 0:00:40]} Ke7 {[%emt 0:00:01]} 46. Rg4 {[%emt 0:00:07]} Rh1 {[%emt 0:00:15]} 47. Rh4 {[%emt 0:00:46]} Rg1+ {[%emt 0:00:06]} 48. Kh6 {[%emt 0:00:05]} Kf8 {[%emt 0:00:05]} 49. Kh7 {[%emt 0:00:08]} 1-0

[Event "European Online Club-ch-D 2021"]
[Site "Online"]
[Date "2021.03.27"]
[Round "8.19"]
[White "Petkidis, Anthony"]
[Black "Samadov, Read"]
[Result "0-1"]
[WhiteElo "2401"]
[BlackElo "2332"]
[Annotator "NA"]
[PlyCount "58"]
[EventDate "2021.03.27"]
[EventType "team-tourn"]
[EventCountry "NET"]
[SourceTitle "playchess.com"]
[Source "ChessBase"]
[SourceQuality "1"]
[TimeControl "900+5"]

1. e4 {[%emt 0:00:00]} c5 {[%emt 0:00:04]} 2. Nf3 {[%emt 0:00:03]} d6 {[%emt 0:00:04]} 3. d4 {[%emt 0:00:02]} cxd4 {[%emt 0:00:02]} 4. Nxd4 {[%emt 0:00:00]} Nf6 {[%emt 0:00:02]} 5. Nc3 {[%emt 0:00:02]} a6 {[%emt 0:00:03]} 6. Bg5 {[%emt 0:00:06]} Nbd7 {[%emt 0:00:03]} 7. f4 {[%emt 0:00:09]} g6 {[%emt 0:00:33]} 8. Qe2 {[%emt 0:00:17]} e5 {[%emt 0:00:53]} 9. fxe5 {[%emt 0:00:36]} Nxe5 {[%emt 0:01:39]} 10. O-O-O {[%emt 0:00:37]} Bg7 {[%emt 0:00:37]} 11. Nf3 {[%emt 0:01:58]} Qa5 {[%emt 0:02:21]} 12. Bf4 {[%emt 0:00:52]} Nh5 {[%emt 0:00:47]} 13. Bd2 {[%emt 0:00:09]} O-O {[%emt 0:00:28]} 14. Kb1 {[%emt 0:00:06]} Qd8 {[%emt 0:00:39]} 15. Nxe5 {[%emt 0:00:19]} Bxe5 {[%emt 0:00:14]} 16. g4 {[%emt 0:02:24]} Nf6 {[%emt 0:00:23]} 17. h3 {[%emt 0:00:31]} Be6 {[%emt 0:00:10]} 18. Qf3 {[%emt 0:00:32]} Rc8 {[%emt 0:00:49]} 19. Be2 {[%emt 0:01:56]} Qb6 {[%emt 0:00:42]} 20. Ka1 {[%emt 0:00:57]} Qc6 {[%emt 0:01:26]} 21. Bd3 {[%emt 0:00:35]} b5 {[%emt 0:00:19]} 22. g5 {[%emt 0:00:10]} b4 {[%emt 0:00:17]} 23. Ne2 {[%emt 0:00:10]} Qa4 {[%emt 0:00:19]} 24. Nc1 {[%emt 0:00:14]} Rxc2 {[%emt 0:00:33]} 25. Bxc2 {[%emt 0:00:31]} Qxc2 {[%emt 0:00:02]} 26. Nd3 {[%emt 0:00:49]} Qc4 {[%emt 0:02:00]} 27. Nc1 {[%emt 0:01:24]} Nxe4 {[%emt 0:00:15]} 28. Be1 {[%emt 0:00:49]} Qc2 {[%emt 0:00:24]} 29. Nd3 {[%emt 0:00:03]} Nxg5 {[%emt 0:00:09]} 0-1

[Event "European Online Club-ch-D 2021"]
[Site "Online"]
[Date "2021.03.27"]
[Round "8.20"]
[White "Azadaliyev, Jahandar"]
[Black "Fischer, Daniel"]
[Result "0-1"]
[WhiteElo "1883"]
[BlackElo "2276"]
[Annotator "NA"]
[PlyCount "58"]
[EventDate "2021.03.27"]
[EventType "team-tourn"]
[EventCountry "NET"]
[SourceTitle "playchess.com"]
[Source "ChessBase"]
[SourceQuality "1"]
[TimeControl "900+5"]

1. d4 {[%emt 0:00:00]} Nf6 {[%emt 0:00:03]} 2. c4 {[%emt 0:00:02]} e6 {[%emt 0:00:01]} 3. Nc3 {[%emt 0:00:01]} Bb4 {[%emt 0:00:02]} 4. e3 {[%emt 0:00:01]} O-O {[%emt 0:00:02]} 5. Nge2 {[%emt 0:00:01]} Re8 {[%emt 0:00:02]} 6. a3 {[%emt 0:00:02]} Bf8 {[%emt 0:00:01]} 7. Ng3 {[%emt 0:00:03]} d5 {[%emt 0:00:02]} 8. Qc2 {[%emt 0:00:15]} b6 {[%emt 0:00:26]} 9. Bd3 {[%emt 0:00:20]} Bb7 {[%emt 0:00:05]} 10. O-O {[%emt 0:00:05]} c5 {[%emt 0:00:35]} 11. Rd1 {[%emt 0:00:49]} Nbd7 {[%emt 0:00:19]} 12. cxd5 {[%emt 0:00:30]} exd5 {[%emt 0:00:02]} 13. dxc5 {[%emt 0:01:20]} bxc5 {[%emt 0:00:02]} 14. b3 {[%emt 0:01:20]} Rc8 {[%emt 0:00:21]} 15. Bb2 {[%emt 0:00:46]} d4 {[%emt 0:01:43]} 16. Nce4 {[%emt 0:01:35]} Nxe4 {[%emt 0:00:03]} 17. Bxe4 {[%emt 0:01:05]} Bxe4 {[%emt 0:00:05]} 18. Nxe4 {[%emt 0:00:02]} Qe7 {[%emt 0:00:07]} 19. Ng3 {[%emt 0:00:28]} dxe3 {[%emt 0:01:00]} 20. fxe3 {[%emt 0:02:05]} Qxe3+ {[%emt 0:00:23]} 21. Kh1 {[%emt 0:00:06]} Ne5 {[%emt 0:01:41]} 22. Nf5 {[%emt 0:00:15]} Qg5 {[%emt 0:00:10]} 23. Rd5 {[%emt 0:00:54]} Ng4 {[%emt 0:02:16]} 24. Rf1 {[%emt 0:01:04]} Qf4 {[%emt 0:01:41]} 25. Ng3 {[%emt 0:00:19]} Qh6 {[%emt 0:01:14]} 26. Rh5 {[%emt 0:00:05]} Qg6 {[%emt 0:00:01]} 27. Qc3 {[%emt 0:00:27]} Re3 {[%emt 0:00:26]} 28. Qc4 {[%emt 0:02:25]} Rxg3 {[%emt 0:02:49]} 29. Rg5 {[%emt 0:00:35]} Nf2+ {[%emt 0:00:09]} 0-1

[Event "European Online Club-ch-D 2021"]
[Site "Online"]
[Date "2021.03.27"]
[Round "9.1"]
[White "Gadimbayli, Abdulla"]
[Black "Eren, Ataberk"]
[Result "1-0"]
[WhiteElo "2470"]
[BlackElo "2306"]
[Annotator "ChessBase"]
[PlyCount "71"]
[EventDate "2021.03.27"]
[EventType "team-tourn"]
[EventCountry "NET"]
[SourceTitle "playchess.com"]
[Source "ChessBase"]
[SourceQuality "1"]
[TimeControl "900+5"]

1. e4 {[%emt 0:00:00]} e5 {[%emt 0:00:03]} 2. Nf3 {[%emt 0:00:02]} Nc6 {[%emt 0:00:01]} 3. Nc3 {[%emt 0:00:01]} Nf6 {[%emt 0:00:02]} 4. d4 {[%emt 0:00:01]} exd4 {[%emt 0:00:00]} 5. Nxd4 {[%emt 0:00:01]} Bb4 {[%emt 0:00:02]} 6. Nxc6 {[%emt 0:00:01]} bxc6 {[%emt 0:00:01]} 7. Bd3 {[%emt 0:00:02]} d5 {[%emt 0:00:01]} 8. exd5 {[%emt 0:00:01]} cxd5 {[%emt 0:00:01]} 9. O-O {[%emt 0:00:01]} O-O {[%emt 0:00:01]} 10. Bg5 {[%emt 0:00:01]} c6 {[%emt 0:00:03]} 11. Qf3 {[%emt 0:00:01]} h6 {[%emt 0:00:01]} 12. Bxf6 {[%emt 0:00:01]} Qxf6 {[%emt 0:00:01]} 13. Qxf6 {[%emt 0:00:01]} gxf6 {[%emt 0:00:03]} 14. Ne2 {[%emt 0:00:02]} Re8 {[%emt 0:00:20]} 15. Ng3 {[%emt 0:00:06]} Re5 {[%emt 0:00:11]} 16. f4 {[%emt 0:01:24]} Re3 {[%emt 0:00:03]} 17. Kh1 {[%emt 0:01:23]} a5 {[%emt 0:00:27]} 18. Nh5 {[%emt 0:00:43]} Rb8 {[%emt 0:00:05]} 19. Nxf6+ {[%emt 0:00:45]} Kf8 {[%emt 0:00:03]} 20. f5 {[%emt 0:00:16]} Bc5 {[%emt 0:00:24]} 21. Ng4 {[%emt 0:01:00]} Re8 {[%emt 0:00:10]} 22. b3 {[%emt 0:02:06]} Bd4 {[%emt 0:00:28]} 23. Rad1 {[%emt 0:00:03]} h5 {[%emt 0:00:07]} 24. Nf2 {[%emt 0:00:02]} Bc3 {[%emt 0:00:19]} 25. Nh3 {[%emt 0:00:11]} Kg7 {[%emt 0:00:20]} 26. Rf3 {[%emt 0:00:18]} Bd7 {[%emt 0:01:20]} 27. Nf4 {[%emt 0:01:33]} Kh6 {[%emt 0:00:19]} 28. Rh3 {[%emt 0:01:11]} Kg5 {[%emt 0:00:09]} 29. Nxh5 {[%emt 0:00:15]} Rh8 {[%emt 0:00:04]} 30. Rg3+ {[%emt 0:00:01]} Kh4 {[%emt 0:02:09]} 31. Be2 {[%emt 0:00:43]} Be5 {[%emt 0:06:40]} 32. Rd4+ {[%emt 0:00:14]} Bxd4 {[%emt 0:00:28]} 33. Rg4+ {[%emt 0:00:02]} Kxh5 {[%emt 0:00:04]} 34. Rg6+ {[%emt 0:00:01]} Kh4 {[%emt 0:00:02]} 35. g3+ {[%emt 0:00:01]} Kh3 {[%emt 0:00:01]} 36. Bf1# {[%emt 0:00:02]} 1-0

[Event "European Online Club-ch-D 2021"]
[Site "Online"]
[Date "2021.03.27"]
[Round "9.2"]
[White "Ozkan, Ervin"]
[Black "Babazada, Khazar"]
[Result "1/2-1/2"]
[WhiteElo "2147"]
[BlackElo "2409"]
[Annotator "NA"]
[PlyCount "81"]
[EventDate "2021.03.27"]
[EventType "team-tourn"]
[EventCountry "NET"]
[SourceTitle "playchess.com"]
[Source "ChessBase"]
[SourceQuality "1"]
[TimeControl "900+5"]

1. d4 {[%emt 0:00:00]} Nf6 {[%emt 0:00:05]} 2. Nf3 {[%emt 0:00:03]} g6 {[%emt 0:00:02]} 3. Bf4 {[%emt 0:00:02]} Bg7 {[%emt 0:00:01]} 4. e3 {[%emt 0:00:01]} d6 {[%emt 0:00:01]} 5. h3 {[%emt 0:00:02]} O-O {[%emt 0:00:01]} 6. Be2 {[%emt 0:00:01]} b6 {[%emt 0:00:01]} 7. O-O {[%emt 0:00:02]} Bb7 {[%emt 0:00:01]} 8. Nbd2 {[%emt 0:00:43]} Nbd7 {[%emt 0:00:03]} 9. c3 {[%emt 0:00:04]} Re8 {[%emt 0:00:02]} 10. Bh2 {[%emt 0:00:02]} e5 {[%emt 0:00:05]} 11. a4 {[%emt 0:00:07]} a5 {[%emt 0:00:15]} 12. Qc2 {[%emt 0:00:47]} Qe7 {[%emt 0:00:05]} 13. Rfd1 {[%emt 0:00:10]} e4 {[%emt 0:00:19]} 14. Ne1 {[%emt 0:00:03]} h5 {[%emt 0:00:12]} 15. Nc4 {[%emt 0:00:53]} Nf8 {[%emt 0:01:15]} 16. Na3 {[%emt 0:00:11]} Ne6 {[%emt 0:00:18]} 17. Nb5 {[%emt 0:00:06]} g5 {[%emt 0:00:34]} 18. c4 {[%emt 0:01:41]} g4 {[%emt 0:00:20]} 19. hxg4 {[%emt 0:00:10]} Nxg4 {[%emt 0:00:11]} 20. Bxg4 {[%emt 0:00:49]} hxg4 {[%emt 0:00:02]} 21. c5 {[%emt 0:03:47]} bxc5 {[%emt 0:00:42]} 22. dxc5 {[%emt 0:00:05]} dxc5 {[%emt 0:00:32]} 23. Qe2 {[%emt 0:00:55]} f5 {[%emt 0:01:12]} 24. Nc2 {[%emt 0:00:03]} Red8 {[%emt 0:00:29]} 25. Nca3 {[%emt 0:00:08]} Rd3 {[%emt 0:00:32]} 26. Rxd3 {[%emt 0:01:20]} exd3 {[%emt 0:00:01]} 27. Qxd3 {[%emt 0:00:01]} Bxb2 {[%emt 0:00:39]} 28. Ra2 {[%emt 0:00:43]} Rd8 {[%emt 0:00:38]} 29. Qe2 {[%emt 0:01:19]} Bg7 {[%emt 0:00:29]} 30. Rd2 {[%emt 0:00:18]} Rxd2 {[%emt 0:00:58]} 31. Qxd2 {[%emt 0:00:02]} Ng5 {[%emt 0:00:15]} 32. Qd3 {[%emt 0:00:30]} Be4 {[%emt 0:00:21]} 33. Qc4+ {[%emt 0:00:06]} Kh7 {[%emt 0:00:03]} 34. Bxc7 {[%emt 0:00:30]} Qd7 {[%emt 0:00:17]} 35. Bd6 {[%emt 0:00:03]} Qe8 {[%emt 0:00:29]} 36. Nc7 {[%emt 0:01:16]} Qh5 {[%emt 0:00:28]} 37. Ne6 {[%emt 0:00:22]} Nxe6 {[%emt 0:02:54]} 38. Qxe6 {[%emt 0:00:03]} g3 {[%emt 0:00:16]} 39. Bxg3 {[%emt 0:00:18]} Qd1+ {[%emt 0:00:02]} 40. Kh2 {[%emt 0:00:02]} Qh5+ {[%emt 0:00:09]} 41. Kg1 {[%emt 0:00:03]} 1/2-1/2